00000000nam##2200000za#4500
0019.656600
003CaOODSP
00520250403105444
007ta
008150407|1994||||xxc|||||     f|0| 0 fre|d
020 |a0-660-54898-4
040 |aCaOODSP|bfre
041 |aeng
041 |afre
043 |an-cn---
0861 |aCS68-508
24500|aActif et passif du secteur public: statistique rétrospective
260 |aOttawa - Ontario : |bStatistique Canada |c1994.
300 |a258p. : |bfigures, graphiques, tableaux ; |c28 cm.
500 |aDonnées de catalogage avant publication (Canada) imprimées dans cette publication.
546 |aBilingue
563 |aCouverture souple
590 |a94-14|b1994-04-08
69107|aFinances publiques|2gcpds
7102 |aStatistique Canada.
7760#|tPublic sector assets and liabilities, historical overview |w(CaOODSP)9.828328
791 |tPublic sector assets and liabilities: historical overview |eeng|w(CaOODSP)9.656599
986 |aSystème de gestion financière